<?xml version="1.0" encoding="UTF-8"?><?xml-stylesheet type="text/xsl" href="static/style.xsl"?><OAI-PMH xmlns="http://www.openarchives.org/OAI/2.0/" xmlns:xsi="http://www.w3.org/2001/XMLSchema-instance" xsi:schemaLocation="http://www.openarchives.org/OAI/2.0/ http://www.openarchives.org/OAI/2.0/OAI-PMH.xsd"><responseDate>2026-04-17T01:00:24Z</responseDate><request verb="GetRecord" identifier="oai:www.recercat.cat:11351/13863" metadataPrefix="marc">https://recercat.cat/oai/request</request><GetRecord><record><header><identifier>oai:recercat.cat:11351/13863</identifier><datestamp>2025-10-24T08:49:53Z</datestamp><setSpec>com_2072_378070</setSpec><setSpec>com_2072_378040</setSpec><setSpec>com_2072_378071</setSpec><setSpec>col_2072_378092</setSpec><setSpec>col_2072_378097</setSpec></header><metadata><record xmlns="http://www.loc.gov/MARC21/slim" xmlns:dcterms="http://purl.org/dc/terms/" xmlns:xsi="http://www.w3.org/2001/XMLSchema-instance" xmlns:doc="http://www.lyncode.com/xoai" xsi:schemaLocation="http://www.loc.gov/MARC21/slim http://www.loc.gov/standards/marcxml/schema/MARC21slim.xsd">
   <leader>00925njm 22002777a 4500</leader>
   <datafield ind2=" " ind1=" " tag="042">
      <subfield code="a">dc</subfield>
   </datafield>
   <datafield ind2=" " ind1=" " tag="720">
      <subfield code="a">Marin-Quilez, Ana</subfield>
      <subfield code="e">author</subfield>
   </datafield>
   <datafield ind2=" " ind1=" " tag="720">
      <subfield code="a">SÁNCHEZ FUENTES, ANA</subfield>
      <subfield code="e">author</subfield>
   </datafield>
   <datafield ind2=" " ind1=" " tag="720">
      <subfield code="a">Zamora Cánovas, Ana</subfield>
      <subfield code="e">author</subfield>
   </datafield>
   <datafield ind2=" " ind1=" " tag="720">
      <subfield code="a">Gómez-González, Pedro Luis</subfield>
      <subfield code="e">author</subfield>
   </datafield>
   <datafield ind2=" " ind1=" " tag="720">
      <subfield code="a">Diaz-Ajenjo, Lorena</subfield>
      <subfield code="e">author</subfield>
   </datafield>
   <datafield ind2=" " ind1=" " tag="720">
      <subfield code="a">BENITO SANCHEZ, M ROCIO</subfield>
      <subfield code="e">author</subfield>
   </datafield>
   <datafield ind2=" " ind1=" " tag="720">
      <subfield code="a">Murciano, Thais</subfield>
      <subfield code="e">author</subfield>
   </datafield>
   <datafield ind2=" " ind1=" " tag="720">
      <subfield code="a">Murillo-Sanjuán, Laura</subfield>
      <subfield code="e">author</subfield>
   </datafield>
   <datafield ind2=" " ind1=" " tag="260">
      <subfield code="c">2025-10-15T11:12:55Z</subfield>
   </datafield>
   <datafield ind2=" " ind1=" " tag="260">
      <subfield code="c">2025-10-15T11:12:55Z</subfield>
   </datafield>
   <datafield ind2=" " ind1=" " tag="260">
      <subfield code="c">2025-10</subfield>
   </datafield>
   <datafield ind2=" " ind1=" " tag="520">
      <subfield code="a">Inherited thrombocytopenia; Malignancy predisposition</subfield>
   </datafield>
   <datafield ind2=" " ind1=" " tag="520">
      <subfield code="a">Trombocitopenia hereditaria; Predisposición a malignidad</subfield>
   </datafield>
   <datafield ind2=" " ind1=" " tag="520">
      <subfield code="a">Trombocitopènia hereditària; Predisposició a malignitat</subfield>
   </datafield>
   <datafield ind2=" " ind1=" " tag="520">
      <subfield code="a">Inherited thrombocytopenia (IT) with germline variants in RUNX1, ETV6 or ANKRD26 carries a high risk (10%–45%) of developing haematological malignancy (IT-HM). We evaluated the clinical, platelet and molecular characteristics in 37 patients with RUNX1-related thrombocytopenia (RT), 9 with ETV6-RT and 20 with ANRKD26-RT. Genetic diagnosis was delayed by about 20 years from the identification of thrombocytopenia. Bleeding tendency was present in 25%–30% of RUNX1-RT and ANKRD26-RT patients. Platelet aggregation was impaired in 90% of all patients, while reduced activation and granule secretion were heterogeneous. Most RUNX1-RT patients had low glycoprotein Ia (GPIa) levels, which may be a useful disease biomarker. Sixteen distinct genetic variants in RUNX1, four in ETV6 and four in ANKRD26 were identified in patients. The clinical profile showed immune, skin, gastrointestinal and other comorbidities in many patients. One third of the cases developed a malignancy: This included eight RUNX1-RT patients with myelodysplastic syndrome (MDS), five with acute myeloid leukaemia (AML), and one with chronic myeloid leukaemia (CML) Ph+. One patient with ETV6-RT subsequently developed B-cell acute lymphoblastic leukaemia (B-ALL) during childhood. Three cases with ANKRD26-RT demonstrated a multifaceted clinical presentation, including B-ALL Ph+, MDS and breast cancer. The high incidence of HM development highlights the importance of early diagnosis in life.</subfield>
   </datafield>
   <datafield ind2=" " ind1=" " tag="520">
      <subfield code="a">This work was supported by grants from: Instituto de Salud Carlos III (ISCIII) &amp; European Union (PI23/00624, PI24/01458); ISCIII &amp; European Union- NextGeneration EU and for PRTR (PMP21/00052); CIBERER-ISCIII (CB15/00055); Fundación Séneca- Agencia de Ciencia y Tecnología de la Región de Murcia (21 920/PI/22); Gerencia Regional de Salud (GRS2551/A/22, GRS2907/A1/2023, GRS2727/A1/23); Sociedad Española de Trombosis y Hemostasia (SETH, Premio López Borrasca, Ayuda a Grupos de Trabajo &amp; Beca Dr. Francisco España, 2024); and Real Fundación Victoria Eugenia (Premio Investigación 2023). AM-Q is funded by ‘Ayuda postdoctoral from Sociedad Española de Hematología y Hemoterapia (SEHH)’ and Ministerio de Ciencia, Innovación y Universidades-Programa Juan de la Cierva (JDC2023-052518-I). AS-F and AZ-C hold training grants from ISCIII (Rio Hortega CM23/00028, FI21/00157). LD-A holds a fellowship from Junta de Castilla y León (JCYL-EDU/1868/2022). The authors' research on Inherited Platelet Disorders is conducted in accordance with the objectives of the project ‘Functional and Molecular Characterization of Patients with Inherited Platelet Disorders’ of the Grupo Español de Alteraciones Plaquetarias Congénitas (GEAPC), supported by SETH.</subfield>
   </datafield>
   <datafield ind1="8" ind2=" " tag="024">
      <subfield code="a">http://hdl.handle.net/11351/13863</subfield>
   </datafield>
   <datafield tag="653" ind2=" " ind1=" ">
      <subfield code="a">Sang - Càncer - Aspectes genètics</subfield>
   </datafield>
   <datafield tag="653" ind2=" " ind1=" ">
      <subfield code="a">Trombocitopènia - Aspectes genètics</subfield>
   </datafield>
   <datafield tag="653" ind2=" " ind1=" ">
      <subfield code="a">Sang - Càncer - Propensió</subfield>
   </datafield>
   <datafield tag="653" ind2=" " ind1=" ">
      <subfield code="a">DISEASES::Hemic and Lymphatic Diseases::Hematologic Diseases::Blood Platelet Disorders::Thrombocytopenia</subfield>
   </datafield>
   <datafield tag="653" ind2=" " ind1=" ">
      <subfield code="a">Other subheadings::Other subheadings::Other subheadings::/genetics</subfield>
   </datafield>
   <datafield tag="653" ind2=" " ind1=" ">
      <subfield code="a">DISEASES::Neoplasms::Neoplasms by Site::Hematologic Neoplasms</subfield>
   </datafield>
   <datafield tag="653" ind2=" " ind1=" ">
      <subfield code="a">PHENOMENA AND PROCESSES::Genetic Phenomena::Genetic Variation::Mutation::Germ-Line Mutation</subfield>
   </datafield>
   <datafield tag="653" ind2=" " ind1=" ">
      <subfield code="a">ENFERMEDADES::enfermedades hematológicas y linfáticas::enfermedades hematológicas::trastornos de las plaquetas sanguíneas::trombocitopenia</subfield>
   </datafield>
   <datafield tag="653" ind2=" " ind1=" ">
      <subfield code="a">Otros calificadores::Otros calificadores::Otros calificadores::/genética</subfield>
   </datafield>
   <datafield tag="653" ind2=" " ind1=" ">
      <subfield code="a">ENFERMEDADES::neoplasias::neoplasias por localización::neoplasias hematológicas</subfield>
   </datafield>
   <datafield tag="653" ind2=" " ind1=" ">
      <subfield code="a">FENÓMENOS Y PROCESOS::fenómenos genéticos::variación genética::mutación::mutación de la línea germinal</subfield>
   </datafield>
   <datafield ind2="0" ind1="0" tag="245">
      <subfield code="a">Insights into the clinical, platelet and genetic landscape of inherited thrombocytopenia with malignancy risk</subfield>
   </datafield>
</record></metadata></record></GetRecord></OAI-PMH>